| 000 | 00810nam a2200253 a 4500 | ||
|---|---|---|---|
| 001 | 53186 | ||
| 003 | BD-RjUL | ||
| 005 | 20211209075925.0 | ||
| 008 | 161003s1996 enkab b 001 0 eng | ||
| 020 | _a0415132460 (cloth) | ||
| 035 | _a(BD-RjUL)53306 | ||
| 040 |
_aDLC _cDLC _dBD-RjUL _beng |
||
| 041 | _aeng | ||
| 082 | 0 | 0 |
_a333.7 _223 _bESS 1996 |
| 245 | 0 | 0 |
_aEssential environmental science : _bmethods & techniques / _cedited by Simon Watts, Lyndsay Halliwell. |
| 260 |
_aNew York : _bRoutledge, _c1996. |
||
| 300 |
_axxxii, 512 p. : _bill. ; _c25 cm. |
||
| 504 | _aIncludes bibliographical references and index. | ||
| 650 | 0 |
_aEnvironmental sciences _9124688 |
|
| 700 | 1 |
_aWatts, Simon, _d1958- _9158989 |
|
| 700 | 1 |
_aHalliwell, Lyndsay, _d1964- _9158990 |
|
| 942 |
_2ddc _cBK |
||
| 999 |
_c53186 _d53186 |
||